| Literature - European poetry | 0 | 4 | 0 | 0 | 40 | 68 | 100.75 | 0 | 0 |
| Literature - British long fiction | 0 | 4 | 0 | 1 | 40 | 62 | 105.00 | 0 | 1 |
| Literature - British poetry | 0 | 3 | 0 | 0 | 30 | 79 | 92.00 | 0 | 1 |
| Literature - World/Misc long fiction | 0 | 3 | 0 | 0 | 30 | 61 | 77.00 | 1 | 1 |
| Literature - World/Misc any | 0 | 2 | 0 | 0 | 20 | 45 | 74.50 | 1 | 1 |
| Literature - World/Misc drama | 0 | 2 | 0 | 0 | 20 | 56 | 57.50 | 1 | 1 |
| Literature - British short fiction | 0 | 2 | 0 | 0 | 20 | 65 | 72.50 | 1 | 1 |
| Literature - American poetry | 0 | 2 | 0 | 0 | 20 | 83 | 109.00 | 0 | 1 |
| History - American | 0 | 2 | 0 | 0 | 20 | 106 | 109.50 | 0 | 0 |
| Literature - American drama | 0 | 2 | 0 | 0 | 20 | 61 | 71.50 | 1 | 2 |
| Mythology - Mixed/Any | 0 | 2 | 0 | 1 | 20 | 129 | 133.50 | 0 | 0 |
| Art - Painting/Sculpture | 0 | 2 | 0 | 0 | 20 | 55 | 96.50 | 0 | 1 |
| Literature - American long fiction | 0 | 2 | 0 | 0 | 20 | 92 | 94.50 | 0 | 1 |
| Science - Chemistry | 0 | 1 | 0 | 0 | 10 | 128 | 128.00 | 0 | 1 |
| Current Events/Modern World - Rest of world social | 0 | 1 | 0 | 0 | 10 | 62 | 62.00 | 1 | 1 |
| Current Events/Modern World - United States social | 0 | 1 | 0 | 0 | 10 | 132 | 132.00 | 1 | 1 |
| History - Other | 0 | 1 | 0 | 0 | 10 | 102 | 102.00 | 0 | 1 |
| Literature - American any | 0 | 1 | 0 | 0 | 10 | 83 | 83.00 | 0 | 0 |
| Literature - American short fiction | 0 | 1 | 0 | 0 | 10 | 45 | 45.00 | 1 | 1 |
| Literature - British drama | 0 | 1 | 0 | 0 | 10 | 59 | 59.00 | 0 | 0 |
| Literature - European short fiction | 0 | 1 | 0 | 0 | 10 | 85 | 85.00 | 0 | 1 |
| Literature - World/Misc poetry | 0 | 1 | 0 | 0 | 10 | 94 | 94.00 | 0 | 1 |
| Literature - World/Misc short fiction | 0 | 1 | 0 | 0 | 10 | 64 | 64.00 | 1 | 1 |
| Mythology - Greco/Roman | 0 | 1 | 0 | 0 | 10 | 111 | 111.00 | 1 | 1 |
| Philosophy - Medieval | 0 | 1 | 0 | 0 | 10 | 122 | 122.00 | 0 | 0 |
| Philosophy - Mixed/Any | 0 | 1 | 0 | 1 | 10 | 129 | 129.00 | 0 | 0 |
| Literature - European long fiction | 0 | 1 | 1 | 0 | 5 | 97 | 97.00 | 0 | 0 |
| Religion - Islam | 0 | 0 | 0 | 0 | 0 | | 0.00 | 0 | 0 |
| Philosophy - 20th century | 0 | 0 | 1 | 0 | -5 | | 0.00 | 0 | 0 |